Shérif, fais-moi peur - Statistiques

Statistiques générales
  • Ce quiz a été pris 8 fois
  • Le résultat moyen est 10 sur 16
Statistiques - réponses
Question Réponse % Correct
Le comté de Hazzard existe-t-il réellement aux États-Unis ? NON
86%
Quel est le lien de parenté entre Boss Hogg et Rosco P. Coltrane ? Rosco est le beau-frère de Boss
86%
En quelle année la série a-t-elle été diffusée pour la première fois aux États-Unis ? 1979
71%
A quoi fait référence la voiture de Bo et Luke Duke ? au Général Robert Edward Lee
71%
Comment s'appelle la Jeep CJ-7 « Golden Eagle » blanche de Daisy ? Dixie
71%
Comment se nomme l'adjoint honnête du shérif Coltrane, secrètement amoureux de Daisy ? Enos Strate
71%
Quel personnage était interprété par l'acteur Denver Pyle ? Jesse DUKE
71%
Quel acteur incarnait le rôle de Luke Duke ? Tom WOPAT
71%
Quel est le nom du chien de Rosco, valeureux basset Hound à l'énergie débordante ? Flash
57%
Comment s'appelle le neveu de Boss, aussi maléfique que son oncle, qui s'habille comme lui, a la même voiture que lui, mais environ 80 kg de moins ... Hughie
57%
Quel est le nom complet de Boss Hogg ? Jefferson Davis Hogg
57%
Comment s'appelle le bar où travaille Daisy et qui appartient à Boss (comme presque tout le comté) ? Le repère du sanglier
57%
Quelle est le modèle de la voiture de Bo et Luke ? Dodge Charger 1969
43%
Combien d'épisodes ont été tournés au total ? 147
29%
Sur quelle chaîne eut lieu la première diffusion à la télévision française ? Antenne 2
29%
Que signifie le "P" de Rosco P. Coltrane ? Purvis
29%
Aucun quiz correspondant
Distribution des résultats
% des personnes avec chaque résultat
Percentile par nombre de réponses
Votre historique - résultats
Vous n’avez pas pris ce quiz